| 000 | 00609nam a2200229Ia 4500 | ||
|---|---|---|---|
| 005 | 20241216010400.0 | ||
| 008 | 180423s9999||||xx |||||||||||||| ||und|| | ||
| 020 | _a84-206-5209-1 | ||
| 082 |
_a800.03 _bA23 |
||
| 100 | _aADELL, ALBERTO | ||
| 245 | 0 |
_aDICCIONARIO DE LITERATURA PENGUIN/ALIANZA _bLITERATURA ANGLOSAJONAS |
|
| 250 | _a2 | ||
| 260 |
_aMADRID - ESPAÑA _bALIANZA _c1989 |
||
| 300 |
_a924 pag _c23.5 cm |
||
| 341 | _h335 | ||
| 490 |
_v1 _a0 |
||
| 505 | _aA - Z/ | ||
| 541 |
_aC _bLIBRERIA SAN CRISTOBAL _d24-Sep-03 _odólar |
||
| 650 | _aLITERATURA | ||
| 856 | _zReferencia | ||
| 942 | _cLIBRO | ||
| 999 |
_c12956 _d12956 |
||